The Welsh Housing Quality Standard 2023 (Record no. 121948)

MARC details
000 -LEADER
fixed length control field 01126nam a22002777a 4500
005 - DATE AND TIME OF LATEST TRANSACTION
control field 20240604162646.0
008 - FIXED-LENGTH DATA ELEMENTS--GENERAL INFORMATION
fixed length control field 240604s2024 wlk|||||o||||o00| 0 eng d
020 ## - INTERNATIONAL STANDARD BOOK NUMBER
International Standard Book Number 9781835778432
020 ## - INTERNATIONAL STANDARD BOOK NUMBER
International Standard Book Number 9781836251521
041 ## - LANGUAGE CODE
Language code of text/sound track or separate title eng
245 ## - TITLE STATEMENT
Title The Welsh Housing Quality Standard 2023
Remainder of title - with accompanying guide for tenants
250 ## - EDITION STATEMENT
Edition statement April 2024 edition
260 ## - PUBLICATION, DISTRIBUTION, ETC.
Name of publisher, distributor, etc. Welsh Government,
Date of publication, distribution, etc. April 2024
300 ## - PHYSICAL DESCRIPTION
Extent 79p.
520 ## - SUMMARY, ETC.
Summary, etc. Provides advice for social landlords on the minimum quality standards for existing social homes. Guidance for tenants is also available.
650 ## - SUBJECT ADDED ENTRY--TOPICAL TERM
Topical term or geographic name entry element SOCIAL HOUSING
650 ## - SUBJECT ADDED ENTRY--TOPICAL TERM
Topical term or geographic name entry element HOUSING STANDARDS
650 ## - SUBJECT ADDED ENTRY--TOPICAL TERM
Topical term or geographic name entry element LANDLORD AND TENANT
650 ## - SUBJECT ADDED ENTRY--TOPICAL TERM
Topical term or geographic name entry element WALES
662 ## - SUBJECT ADDED ENTRY--HIERARCHICAL PLACE NAME
Country or larger entity Wales
690 ## - LOCAL SUBJECT ADDED ENTRY--TOPICAL TERM (OCLC, RLIN)
Topical term or geographic name as entry element Landlord and tenant
9 (RLIN) 6252
710 2# - ADDED ENTRY--CORPORATE NAME
9 (RLIN) 6155
Corporate name or jurisdiction name as entry element Welsh Government
856 ## - ELECTRONIC LOCATION AND ACCESS
Uniform Resource Identifier <a href="https://www.gov.wales/sites/default/files/publications/2024-04/welsh-housing-quality-standard-2023%20%281%29.pdf">https://www.gov.wales/sites/default/files/publications/2024-04/welsh-housing-quality-standard-2023%20%281%29.pdf</a>
Public note Standard available online
856 ## - ELECTRONIC LOCATION AND ACCESS
Uniform Resource Identifier <a href="https://www.gov.wales/sites/default/files/publications/2024-06/welsh-housing-quality-standard-2023-easy-read_0.pdf">https://www.gov.wales/sites/default/files/publications/2024-06/welsh-housing-quality-standard-2023-easy-read_0.pdf</a>
Public note Tenant guide
942 ## - ADDED ENTRY ELEMENTS (KOHA)
Koha item type Online material
Source of classification or shelving scheme Dewey Decimal Classification
Holdings
Withdrawn status Lost status Damaged status Not for loan Home library Current library Shelving location Date acquired Total Checkouts Date last seen Price effective from Koha item type
        Virtual Virtual Online 04/06/2024   04/06/2024 04/06/2024 Online material